000 00273nam a22001217a 4500
008 181205b xxu||||| |||| 00| 0 eng d
041 _aeng
080 _a721
100 _a41
101 _aNDE
245 _aThe Octagon House A Home for all
_cFowler,O.S
942 _2udc
_cBK
999 _c52838
_d52838